00895cam a2200253 a 4500008004100000020002500041100001800066245014400084250001200228260005100240300004800291500002000339504004100359650001600400650003200416650003700448650004300485650004400528700002000572700002200592003000100614005001700615040000900632  a9781455712748 (hbk.)1 aIssa, Ziad F.10aClinical arrhythmology and electrophysiology :ba companion to Braunwald's heart disease /cZiad F. Issa, John M. Miller, Douglas P. Zipes. a2nd ed. aPhiladelphia, PA :bElseiver/Saunders,cc2012. axiii, 726 p. :bill. (some col.) :c 29 cm. aIncludes index. aIncludes bibliographical references. 0aArrhythmia. 0aHeartxElectric properties.12aArrhythmias, Cardiacxdiagnosis.12aArrhythmias, Cardiacxphysiopathology.22aElectrophysiologic Techniques, Cardiac.1 aMiller, John M.1 aZipes, Douglas P.20230120204204.0 cNUST